• 首页
  • 本馆介绍
  • 公告通知
  • 最新文献
  • 馆藏检索
  • 电子资源
  • 读者导购
  • 参考咨询
  • 我的图书馆
  • 登录
  • 详细信息显示
  • 放入我的书架
  • 预约/预借图书
  • 作者相关作品
  • 分类相关作品
  • 丛书相关作品
  • 出版社相关作品

书目信息

  • 表格格式
  • 工作单格式
  • 卡片格式
题名:
自然科学基础
    
 
作者: 张丽君 , 陈卫 主编
分册:  
出版信息: 北京   北京理工大学出版社  2017.3
页数: 209页
开本: 26cm
丛书名:
单 册:
中图分类: N43
科图分类:
主题词: 自然科学--职业教育--教材
电子资源:
ISBN: 978-7-5682-1395-0
000 00849nam0 2200253 450
001 0400002958
005 20171130165529.17
010    @a978-7-5682-1395-0@dCNY32.00
100    @a20171021d2017 em y0chiy ea
101 0  @achi
102    @aCN@b110000
105    @aa z 000yy
106    @ar
200 1  @a自然科学基础@9zi ran ke xue ji chu@f张丽君,陈卫主编
210    @a北京@c北京理工大学出版社@d2017.3
215    @a209页@c图@d26cm
300    @a职业教育精品规划教材
330    @a全书分十个单元,分别为自然科学概述,运动和力,声、光、热,电与磁,能量守恒与物质结构,天体知识,无机化学,有机化学,生物学常识,人与自然。
606 0  @a自然科学@x职业教育@j教材
690    @aN43@v5
701  0 @a张丽君@9zhang li jun@c(自然)@4主编
701  0 @a陈卫@9chen wei@c(自然)@4主编
801  0 @aCN@b91MARC@c20171021
905    @b1035301-5@dN43@f5@e121
    
    自然科学基础/张丽君,陈卫主编.-北京:北京理工大学出版社,2017.3
    209页:图;26cm
    职业教育精品规划教材
    
    ISBN 978-7-5682-1395-0:CNY32.00
    全书分十个单元,分别为自然科学概述,运动和力,声、光、热,电与磁,能量守恒与物质结构,天体知识,无机化学,有机化学,生物学常识,人与自然。
●
相关链接 在E读中查询图书 在五车中查询图书 在当当中查询图书 在豆瓣中查询图书


正题名:自然科学基础     索取号:N43/121         预约/预借

序号 登录号 条形码 馆藏地/架位号 状态 备注
1 1035301   210353017   第二样本阅览室/ [索取号:N43/121] 在馆    
2 1035302   210353026   密集书库-物理学院/ [索取号:N43/121] 在馆    
3 1035303   210353035   第三借阅区/ [索取号:N43/121] 在馆    
4 1035304   210353044   第三借阅区/ [索取号:N43/121] 在馆    
5 1035305   210353053   第三借阅区/ [索取号:N43/121] 在馆    
唐山师范学院图书馆 欢迎您!
大连网信软件有限公司© 版权所有